|
|
|
|
| LEADER |
01643nam a2200313 a 4500 |
| 001 |
13700 |
| 003 |
BD-DhAAL |
| 008 |
090816r20051995nyua b 001 0deng d |
| 020 |
|
|
|a 1874166315
|
| 020 |
|
|
|a 1840461683
|
| 020 |
|
|
|a 1840466693
|
| 020 |
|
|
|a 9781840466690
|
| 040 |
|
|
|a DLC
|c DLC
|d DLC
|d BD-DhAAL
|
| 082 |
0 |
0 |
|a 150.19/5/092
|2 21
|
| 100 |
1 |
|
|a Leader, Darian.
|9 59194
|
| 245 |
1 |
0 |
|a Introducing lacan /
|c Darian Leader and Judy Groves ; edited by Richard Appignanesi.
|
| 260 |
|
|
|a New York, NY :
|b Toten Books ;
|a Lanham, Md. :
|b Distributed to the trade in the United States by National Book Network,
|c 1995 [reprinted 2003, 1995].
|
| 300 |
|
|
|a 170 pages :
|b illustrations ;
|c 21 cm.
|
| 504 |
|
|
|a Includes bibliographical references and index.
|
| 541 |
1 |
|
|a Donated by Farhana Zahir, Assistant Professor, BRAC Business School
|e 00013700, 44639
|
| 600 |
1 |
0 |
|a Lacan, Jacques,
|d 1901-1981.
|
| 650 |
|
0 |
|a Psychoanalysis.
|
| 700 |
1 |
|
|a Groves, Judy.
|9 59195
|
| 700 |
1 |
|
|a Appignanesi, Richard.
|
| 852 |
4 |
|
|a Ayesha Abed Library
|j General shelf
|
| 942 |
|
|
|2 ddc
|c BK
|
| 999 |
|
|
|c 3641
|d 3641
|
| 952 |
|
|
|0 0
|1 4
|2 ddc
|4 0
|6 150_195092000000000_LEA
|7 0
|9 3304
|a BRACUL
|b BRACUL
|c GEN
|d 2009-09-03
|g 871.00
|l 3
|m 12
|o 150.195092 LEA
|p 3010013700
|r 2013-09-17
|s 2013-06-29
|t 1
|w 2009-09-03
|y BK
|x Koha Inventory 2020
|
| 952 |
|
|
|0 0
|1 0
|2 ddc
|4 0
|6 150_195092000000000_LEA
|7 0
|9 78055
|a BRACUL
|b BRACUL
|c NEW
|d 2025-08-28
|e Donated by Farhana Zahir, Assistant Professor, BRAC Business School, BRAC University
|l 1
|m 26
|o 150.195092 LEA
|p 3010044639
|q 2026-05-21
|r 2025-10-20
|s 2025-10-20
|t 2
|w 2009-09-03
|y BK
|x Donated by Farhana Zahir, Assistant Professor, BRAC Business School, BRAC University ; $17
|